Laos : a portrait..
| Format: | Book |
|---|---|
| Published: |
Hong Kong:
Elsworth Books Ltd.,
1995.
|
| Subjects: |
| LEADER | 00379cam a2200145 7i4500 | ||
|---|---|---|---|
| 001 | 0000007151 | ||
| 005 | 19991102090000.0 | ||
| 002 | ##000004957 | ||
| 020 | 0 | 0 | |a 962-787-03-5 |
| 090 | 0 | 0 | |a LAOS 959.4 |b LAO |
| 245 | 0 | 0 | |a Laos : |b a portrait.. |
| 260 | 0 | 0 | |a Hong Kong: |b Elsworth Books Ltd., |c 1995. |
| 300 | 0 | 0 | |a 200p. |
| 650 | 0 | 0 | |a Laos |
| 999 | |a 0000005664 |b Book |c Open shelf |e Business Information Centre | ||